<?xml version="1.0" encoding="UTF-8"?>
<record
    xmlns:xsi="http://www.w3.org/2001/XMLSchema-instance"
    xsi:schemaLocation="http://www.loc.gov/MARC21/slim http://www.loc.gov/standards/marcxml/schema/MARC21slim.xsd"
    xmlns="http://www.loc.gov/MARC21/slim">

  <leader>03903nam a22001697a 4500</leader>
  <controlfield tag="008">150727b        xxu||||| |||| 00| 0 eng d</controlfield>
  <datafield tag="020" ind1=" " ind2=" ">
    <subfield code="a">9781742230009</subfield>
  </datafield>
  <datafield tag="050" ind1=" " ind2=" ">
    <subfield code="a">Z253.53.W46</subfield>
  </datafield>
  <datafield tag="100" ind1=" " ind2=" ">
    <subfield code="a">Whitbread, David.</subfield>
  </datafield>
  <datafield tag="245" ind1=" " ind2=" ">
    <subfield code="a">The design manual. /</subfield>
    <subfield code="c"> David Whitbread.</subfield>
  </datafield>
  <datafield tag="250" ind1=" " ind2=" ">
    <subfield code="a">2nd ed.</subfield>
  </datafield>
  <datafield tag="260" ind1=" " ind2=" ">
    <subfield code="a">Australia :</subfield>
    <subfield code="b">UNSW Press,</subfield>
    <subfield code="c">2009.</subfield>
  </datafield>
  <datafield tag="300" ind1=" " ind2=" ">
    <subfield code="a">xiv, 369p. :</subfield>
    <subfield code="b">ills. ;</subfield>
    <subfield code="c">24cm.</subfield>
  </datafield>
  <datafield tag="500" ind1=" " ind2=" ">
    <subfield code="a">Includes index.</subfield>
  </datafield>
  <datafield tag="505" ind1=" " ind2=" ">
    <subfield code="a">Contents: Purpose: What does design do?: Good design -- Audiences -- Styling -- Real communication: Clarity -- Words -- How we read: Multiple entry points -- Hypertext and film technique -- Visual processing -- Visual literacy: Using metaphors -- Why print?: Why personalise? -- How do you maximise the power of paper? -- Any colour as long as it's green: What decisions can help reduce the environmental impact of print -- Designing for international audiences and cultural differences -- Accessibility -- Process: The design process: Briefing -- Research -- Conceptualisation and idea generation -- Testing -- Prototyping -- Presentation -- Approvals -- Production management -- Launch -- Evaluation -- Design effectiveness -- Projects: Publications: Books, reports and annual reports -- Newsletters, journals and magazines -- Pamphlets and brochures -- Catalogues -- Menus -- Programs -- Orders of service -- Comics and graphic novels -- Proposals -- Corporate identity and branding: Brand evaluation -- A design audit -- Identifiers -- Corporate typefaces -- Corporate colour palette -- Attitude -- Corporate identity manual -- Stationery -- Forms -- Signage -- Exhibitions, trade shows and conferences -- Screen-based media:  Multimedia -- Websites -- Email newsletters, e-books and e-zines -- Advertising and marketing: Posters -- Postcards -- Flyers, information sheets and handbills -- Small-space press ads -- Classified ads -- Magazine and display ads -- Direct-mail advertising -- Packaging -- Production: Layout: Eye flow -- Spatial relationships -- Dominance -- Simplicity -- Unity -- Balance -- Freestyle layout -- Grids -- Formats -- Imagery -- Contrast -- Scale -- Tone -- Repetition, pattern and texture -- Direction -- Borders and rules -- Space and pace -- Traditional and modern layouts -- Four ways to save a failing design: Increase tonal contrast -- Redistribute space -- After scale relationships -- Repeat something -- Typography: Type categories -- Typefaces, families and fonts -- Type selection -- Leading/linespacing -- Letterspacing -- Using type variation -- Punctuation -- Text formatting -- Page furniture -- Display type -- Style sheets -- Colour: Colour coding -- Colour reproduction -- Halftones, stipples, screens and reverse -- Limited colour -- Colour systems: Process colour (CMYK) -- Pantone colour system -- RGB and hexadecimal colour -- The problem with colour systems -- Prepress: Finished artwork preparation -- Trapping -- File management -- Imposition -- Output resolution -- Proofing -- Printing: Offset lithography -- Screenless printing /collotype -- Laser printing, photocopying and xerography -- Digital printing -- 'On-demand' or 'just-in-time' printing -- Variable data printing -- Lenticular printing -- Letterpress -- Gravure -- Engraving -- Screen printing -- Flexography -- Selecting a printer -- Identifying the cause of print problems -- Paper: Paper specification -- Uncoated and specialty grades -- Finishing processes and embellishment: Varnishes -- Coatings -- Folding -- Guillotining /trimming /drilling -- Collating and gathering -- Numbering --  Binding -- Office binding styles -- Craft bindings -- Foils -- Embossing and debossing -- Thermography -- Die-cutting, scoring and perforation -- Laser cutting -- Pop-ups -- Professionalism: Using a designer: Selecting a contractor -- Commissioning a contractor -- A career in design -- Creativity -- Studio management -- Ethical considerations.</subfield>
  </datafield>
  <datafield tag="942" ind1=" " ind2=" ">
    <subfield code="2">lcc</subfield>
    <subfield code="c">BK</subfield>
  </datafield>
  <datafield tag="999" ind1=" " ind2=" ">
    <subfield code="c">5677</subfield>
    <subfield code="d">13177</subfield>
  </datafield>
  <datafield tag="952" ind1=" " ind2=" ">
    <subfield code="0">0</subfield>
    <subfield code="1">0</subfield>
    <subfield code="2">lcc</subfield>
    <subfield code="4">0</subfield>
    <subfield code="7">0</subfield>
    <subfield code="a">WIUC-1</subfield>
    <subfield code="b">WIUC-1</subfield>
    <subfield code="c">REF</subfield>
    <subfield code="d">2015-07-27</subfield>
    <subfield code="l">0</subfield>
    <subfield code="o">Z253.53.W46</subfield>
    <subfield code="p">7843/270/15</subfield>
    <subfield code="r">2015-07-27 00:00:00</subfield>
    <subfield code="t">1</subfield>
    <subfield code="w">2015-07-27</subfield>
    <subfield code="y">BK</subfield>
  </datafield>
  <datafield tag="952" ind1=" " ind2=" ">
    <subfield code="0">0</subfield>
    <subfield code="1">0</subfield>
    <subfield code="2">lcc</subfield>
    <subfield code="4">0</subfield>
    <subfield code="7">0</subfield>
    <subfield code="a">WIUC-1</subfield>
    <subfield code="b">WIUC-1</subfield>
    <subfield code="c">REF</subfield>
    <subfield code="d">2015-07-27</subfield>
    <subfield code="l">0</subfield>
    <subfield code="o">Z253.53.W461</subfield>
    <subfield code="p">7882/309/15</subfield>
    <subfield code="r">2015-07-27 00:00:00</subfield>
    <subfield code="t">2</subfield>
    <subfield code="w">2015-07-27</subfield>
    <subfield code="y">BK</subfield>
  </datafield>
</record>
